[Event "Kimry-ch"]
[Site "Kimry"]
[Date "2008.01.05"]
[Round "5"]
[White "Permyakov, Dmitry"]
[Black "Patsyk, Aleksandr"]
[Result "1/2-1/2"]
[WhiteElo "1982"]
[BlackElo "2148"]
[PlyCount "62"]
[EventDate "2008.01.02"]
[EventType "swiss"]
[EventRounds "9"]
[EventCountry "RUS"]
[SourceTitle "CBM 122 Extra"]
[Source "ChessBase"]
[SourceDate "2008.03.04"]
[SourceVersion "1"]
[SourceVersionDate "2008.03.04"]
[SourceQuality "1"]

1. d4 d5 2. c4 c6 3. Nf3 Nf6 4. Nc3 e6 5. e3 Nbd7 6. Bd3 dxc4 7. Bxc4 b5 8. Bd3 a6 9. e4 c5 10. e5 cxd4 11. Nxb5 axb5 12. exf6 e5 13. 0-0 gxf6 14. Re1 Qb6 15. Qb3 Rb8 16. a4 bxa4 17. Qxa4 Be7 18. Bh6 Qb3 19. Bc2 Qxa4 20. Bxa4 Kd8 21. Re2 Nc5 22. Bc6 Ba6 23. Rc2 Bd3 24. Rd2 Nb3 25. Ra7 Nxd2 26. Bxd2 Bb4 27. Nxe5 Bg6 28. Nxg6 hxg6 29. Bf4 Rc8 30. Rd7+ Ke8 31. Rc7+ Kd8 1/2-1/2

[Event "Kimry-ch"]
[Site "Kimry"]
[Date "2008.01.02"]
[Round "1"]
[White "Permyakov, Dmitry"]
[Black "Volkov, Sergey"]
[Result "1/2-1/2"]
[WhiteElo "1982"]
[BlackElo "2623"]
[PlyCount "61"]
[EventDate "2008.01.02"]
[EventType "swiss"]
[EventRounds "9"]
[EventCountry "RUS"]
[SourceTitle "CBM 122 Extra"]
[Source "ChessBase"]
[SourceDate "2008.03.04"]
[SourceVersion "1"]
[SourceVersionDate "2008.03.04"]
[SourceQuality "1"]

1. d4 Nf6 2. c4 e5 3. dxe5 Ng4 4. Nf3 Bc5 5. e3 Nc6 6. Nc3 0-0 7. Be2 Re8 8. 0-0 Ngxe5 9. Ne4 Bf8 10. Ng3 d6 11. b3 g6 12. Bb2 Bg7 13. Qd2 a5 14. Nd4 f5 15. Nb5 h5 16. f4 h4 17. Nh1 Ng4 18. Bxg4 fxg4 19. Bxg7 Kxg7 20. Qc3+ Kh7 21. g3 Bf5 22. gxh4 Nb4 23. Ng3 c6 24. Nd4 Qf6 25. h5 c5 26. hxg6+ Bxg6 27. f5 Bf7 28. Nb5 Qxc3 29. Nxc3 Rxe3 30. Nce4 Kg8 31. Rf4 1/2-1/2